Energy from waste (Record no. 74536)

MARC details
000 -LEADER
fixed length control field 00957cab a2200229 4500
001 - CONTROL NUMBER
control field ABS68236
008 - FIXED-LENGTH DATA ELEMENTS--GENERAL INFORMATION
fixed length control field 040920n2004 000 0 eng u
035 ## - SYSTEM CONTROL NUMBER
System control number (Sirsi) u127456
100 ## - MAIN ENTRY--PERSONAL NAME
Personal name Wood, B.
245 ## - TITLE STATEMENT
Title Energy from waste
260 ## - PUBLICATION, DISTRIBUTION, ETC.
Date of publication, distribution, etc. 2004
490 ## - SERIES STATEMENT
Series statement Wastes Management
Volume/sequential designation September 2004, 20-26(6)
520 ## - SUMMARY, ETC.
Summary, etc. Three articles on creating energy from waste. The first, "The future of fuel", is a general discussion of the industry in the UK. "Super Sonix" looks at a new process of generating green power from waste technology. The final article, "Building up a head of steam", examines the ways European countries can benefit from waste following the landfill directive (Directive 99/31/EC).
590 ## - LOCAL NOTE (RLIN)
Local note ABS
650 ## - SUBJECT ADDED ENTRY--TOPICAL TERM
Topical term or geographic name entry element ENERGY FROM WASTE
650 ## - SUBJECT ADDED ENTRY--TOPICAL TERM
Topical term or geographic name entry element ENERGY INDUSTRY
650 ## - SUBJECT ADDED ENTRY--TOPICAL TERM
Topical term or geographic name entry element ENERGY RESOURCES
650 ## - SUBJECT ADDED ENTRY--TOPICAL TERM
Topical term or geographic name entry element DIRECTIVE 99/31/EC
650 ## - SUBJECT ADDED ENTRY--TOPICAL TERM
Topical term or geographic name entry element GREEN ENERGY
690 ## - LOCAL SUBJECT ADDED ENTRY--TOPICAL TERM (OCLC, RLIN)
Topical term or geographic name as entry element ENVIRONMENTAL AND LAND CONSULTANCY-ENERGY
942 ## - ADDED ENTRY ELEMENTS (KOHA)
Suppress in OPAC 0
Holdings
Withdrawn status Lost status Source of classification or shelving scheme Damaged status Not for loan Home library Current library Shelving location Date acquired Total Checkouts Full call number Barcode Date last seen Copy number Price effective from Koha item type
    Dewey Decimal Classification     London London Journal article 20/09/2004   ABS68236 127456-1001 06/08/2019 1 06/08/2019 Journal article